Imagine Dragons - Warriors lyrics - Statistiques

Statistiques générales
  • Ce quiz a été pris 243 fois
  • Le résultat moyen est 109 sur 154
Statistiques - réponses
Réponse % Correct
a
100%
are
99%
the
99%
The
99%
we
98%
We
98%
warriors
95%
Here
92%
to
92%
this
91%
away
88%
town
88%
don't
86%
now
86%
you
86%
that
84%
That
84%
turn
83%
built
82%
from
82%
From
82%
dust
73%
child
72%
far
71%
would
71%
and
69%
be
69%
As
66%
But
62%
watch
60%
play
58%
wait
58%
all
55%
it
55%
knew
55%
they
55%
always
54%
just
54%
dream
53%
one
53%
Your
53%
was
51%
have
50%
Of
49%
of
49%
never
47%
come
46%
will
46%
for
45%
my
45%
work
45%
you'd
45%
Above
44%
above
44%
rise
43%
spirit
42%
love
41%
dies
40%
when
40%
yourself
40%
take
39%
while
39%
things
38%
at
36%
In
36%
lay
36%
night
36%
change
35%
scheme
35%
Awake
34%
'cause
34%
me
34%
throne
34%
you'll
34%
Farewell
32%
gone
32%
prove
32%
time
32%
labor
31%
I've
30%
youth
26%
best
19%
weep
18%
Aucun quiz correspondant
Distribution des résultats
% des personnes avec chaque résultat
Percentile par nombre de réponses
Votre historique - résultats
Vous n’avez pas pris ce quiz